Hong Kong Public Housing Estates Quiz 香港公共屋邨 - Statistics

General Stats
  • This quiz has been taken 99 times
  • The average score is 90 of 242
Answer Stats
Group Location Answer % Correct
Wong Tai Sin 黃大仙區 Ngau Chi Wan 牛池灣 Choi Hung Estate 彩虹邨
80%
Eastern 東區 Siu Sai Wan 小西灣 Siu Sai Wan Estate 小西灣邨
75%
Southern 南區 Waterfall Bay 瀑布灣 Wah Fu Estate 華富邨
75%
Kowloon City 九龍城區 Ho Man Tin 何文田 Ho Man Tin Estate 何文田邨
71%
Kowloon City 九龍城區 Ho Man Tin 何文田 Oi Man Estate 愛民邨
71%
Islands 離島區 Tung Chung 東涌 Yat Tung Estate 逸東邨
71%
Southern 南區 Tin Wan 田灣 Tin Wan Estate 田灣邨
69%
Kwai Tsing 葵青區 Kwai Chung 葵涌 Kwai Chung Estate 葵涌邨
68%
Southern 南區 Ap Lei Chau 鴨脷洲 Lei Tung Estate 利東邨
68%
Kwun Tong 觀塘區 Ngau Tau Kok 牛頭角 Ngau Tau Kok Lower Estate 牛頭角下邨
68%
Sai Kung 西貢區 Po Lam 寶林 Po Lam Estate 寶林邨
68%
Central & Western 中西區 Kennedy Town 堅尼地城 Sai Wan Estate 西環邨
68%
Kwun Tong 觀塘區 Sau Mau Ping 秀茂坪 Sau Mau Ping Estate 秀茂坪邨
68%
Sham Shui Po 深水埗區 Shek Kip Mei 石硤尾 Shek Kip Mei Estate 石硤尾邨
68%
Kowloon City 九龍城區 Kai Tak 啓德 Kai Ching Estate 啓晴邨
66%
Southern 南區 Ap Lei Chau 鴨脷洲 Ap Lei Chau Estate 鴨脷洲邨
64%
Kwai Tsing 葵青區 Kwai Chung 葵涌 Kwai Fong Estate 葵芳邨
64%
Eastern 東區 Shau Kei Wan 筲箕灣 Yiu Tung Estate 耀東邨
64%
Kwai Tsing 葵青區 Kwai Chung 葵涌 Kwai Hing Estate 葵興邨
63%
Kowloon City 九龍城區 Ma Tau Wai 馬頭圍 Ma Tau Wai Estate 馬頭圍邨
63%
Kwun Tong 觀塘區 Ngau Tau Kok 牛頭角 Ngau Tau Kok Upper Estate 牛頭角上邨
63%
Southern 南區 Shek Pai Wan 石排灣 Shek Pai Wan Estate 石排灣邨
61%
Sham Shui Po 深水埗區 Cheung Sha Wan 長沙灣 So Uk Estate 蘇屋邨
61%
Kwai Tsing 葵青區 Tsing Yi 青衣 Cheung On Estate 長安邨
59%
Wong Tai Sin 黃大仙區 Ngau Chi Wan 牛池灣 Choi Wan Estate 彩雲邨
59%
Sha Tin 沙田區 Ma On Shan 馬鞍山 Heng On Estate 恆安邨
59%
Sham Shui Po 深水埗區 Shek Kip Mei 石硤尾 Pak Tin Estate 白田邨
59%
Northern 北區 Sha Tau Kok 沙頭角 Sha Tau Kok Estate 沙頭角邨
59%
Kwun Tong 觀塘區 Cha Liu Au 茶寮坳 Shun Lee Estate 順利邨
59%
Kwun Tong 觀塘區 Yau Tong 油塘 Yau Tong Estate 油塘邨
59%
Tai Po 大埔區 Tai Po 大埔 Fu Shin Estate 富善邨
58%
Kwun Tong 觀塘區 Lam Tin 藍田 Lam Tin Estate 藍田邨
58%
Eastern 東區 Chai Wan 柴灣 Hing Wah Estate 興華邨
56%
Sha Tin 沙田區 Sha Tin 沙田 Lek Yuen Estate 瀝源邨
56%
Wong Tai Sin 黃大仙區 Lok Fu 樂富 Lok Fu Estate 樂富邨
56%
Southern 南區 Stanley 赤柱 Ma Hang Estate 馬坑邨
56%
Kwai Tsing 葵青區 Kwai Chung 葵涌 Tai Wo Hau Estate 大窩口邨
56%
Northern 北區 Fanling 粉嶺 Wah Ming Estate 華明邨
56%
Sha Tin 沙田區 Tai Wai 大圍 Hin King Estate 顯徑邨
54%
Kowloon City 九龍城區 Hung Hom 紅磡 Hung Hom Estate 紅磡邨
54%
Eastern 東區 North Point 北角 Model Housing Estate 模範邨
54%
Kwun Tong 觀塘區 Tai Sheung Tok 大上托 On Tat Estate 安達邨
54%
Kwun Tong 觀塘區 Lam Tin 藍田 Ping Tin Estate 平田邨
54%
Kwun Tong 觀塘區 Sau Mau Ping 秀茂坪 Po Tat Estate 寶達邨
54%
Kwun Tong 觀塘區 Lam Tin 藍田 Kai Tin Estate 啓田邨
53%
Kwai Tsing 葵青區 Kwai Chung 葵涌 Kwai Shing Estate 葵盛邨
53%
Sha Tin 沙田區 Tai Wai 大圍 Mei Lam Estate 美林邨
53%
Sha Tin 沙田區 Tai Wai 大圍 Mei Tin Estate 美田邨
53%
Tuen Mun 屯門區 Tuen Mun 屯門 Sam Shing Estate 三聖邨
53%
Kwun Tong 觀塘區 Lam Tin 藍田 Tak Tin Estate 德田邨
53%
Eastern 東區 Chai Wan 柴灣 Yue Wan Estate 漁灣邨
53%
Sha Tin 沙田區 Fo Tan 火炭 Chun Yeung Estate 駿洋邨
51%
Tai Po 大埔區 Tai Po 大埔 Kwong Fuk Estate 廣福邨
51%
Kwai Tsing 葵青區 Kwai Chung 葵涌 Shek Lei Estate 石籬邨
51%
Kwun Tong 觀塘區 Cha Liu Au 茶寮坳 Shun Tin Estate 順天邨
51%
Northern 北區 Sheung Shui 上水 Tin Ping Estate 天平邨
51%
Yuen Long 元朗區 Tin Shui Wai 天水圍 Tin Tsz Estate 天慈邨
51%
Kwai Tsing 葵青區 Tsing Yi 青衣 Tsing Yi Estate 青衣邨
51%
Southern 南區 Kellett Bay 雞籠灣 Wah Kwai Estate 華貴邨
51%
Islands 離島區 Tung Chung 東涌 Ying Tung Estate 迎東邨
51%
Eastern 東區 Chai Wan 柴灣 Chai Wan Estate 柴灣邨
49%
Kwai Tsing 葵青區 Kwai Chung 葵涌 Lai King Estate 荔景邨
49%
Tsuen Wan 荃灣區 Tsuen Wan 荃灣 Lei Muk Shue Estate 梨木樹邨
49%
Tuen Mun 屯門區 Tuen Mun 屯門 Shan King Estate 山景邨
49%
Yuen Long 元朗區 Hung Shui Kiu 洪水橋 Hung Fuk Estate 洪福邨
47%
Kwun Tong 觀塘區 Kowloon Bay 九龍灣 Kai Yip Estate 啓業邨
47%
Kwun Tong 觀塘區 Lam Tin 藍田 Kwong Tin Estate 廣田邨
47%
Kwun Tong 觀塘區 Yau Tong 油塘 Lei Yue Mun Estate 鯉魚門邨
47%
Wong Tai Sin 黃大仙區 Wong Tai Sin 黃大仙 Lower Wong Tai Sin Estate 黃大仙下邨
47%
Kwun Tong 觀塘區 Tai Sheung Tok 大上托 On Tai Estate 安泰邨
47%
Kwun Tong 觀塘區 Ngau Chi Wan 牛池灣 Ping Shek Estate 坪石邨
47%
Kwai Tsing 葵青區 Kwai Chung 葵涌 Shek Yam Estate 石蔭邨
47%
Kwun Tong 觀塘區 Cha Liu Au 茶寮坳 Shun On Estate 順安邨
47%
Sha Tin 沙田區 Sha Tin 沙田 Wo Che Estate 禾輋邨
47%
Kwai Tsing 葵青區 Tsing Yi 青衣 Cheung Tsing Estate 長青邨
46%
Wong Tai Sin 黃大仙區 Hammer Hill 斧山 Fu Shan Estate 富山邨
46%
Sai Kung 西貢區 Hang Hau 坑口 Hau Tak Estate 厚德邨
46%
Kowloon City 九龍城區 Hung Hom 紅磡 Ka Wai Estate 家維邨
46%
Wan Chai 灣仔區 Tai Hang 大坑 Lai Tak Tsuen 勵德邨
46%
Tuen Mun 屯門區 Tuen Mun 屯門 Leung King Estate 良景邨
46%
Tai Po 大埔區 Tai Po 大埔 Tai Wo Estate 太和邨
46%
Yuen Long 元朗區 Tin Shui Wai 天水圍 Tin Yat Estate 天逸邨
46%
Yuen Long 元朗區 Tin Shui Wai 天水圍 Tin Yiu Estate 天耀邨
46%
Kwai Tsing 葵青區 Tsing Yi 青衣 Cheung Hong Estate 長康邨
44%
Central & Western 中西區 Kennedy Town 堅尼地城 Kwun Lung Lau 觀龍樓
44%
Yuen Long 元朗區 Yuen Long 元朗 Long Ping Estate 朗屏邨
44%
Kwai Tsing 葵青區 Kwai Chung 葵涌 On Yam Estate 安蔭邨
44%
Sha Tin 沙田區 Sha Tin 沙田 Sha Kok Estate 沙角邨
44%
Tuen Mun 屯門區 Tuen Mun 屯門 Tai Hing Estate 大興邨
44%
Kwun Tong 觀塘區 Kwun Tong 觀塘 Tsui Ping Estate 翠屏邨
44%
Wong Tai Sin 黃大仙區 Wong Tai Sin 黃大仙 Upper Wong Tai Sin Estate 黃大仙上邨
44%
Kwun Tong 觀塘區 Yau Tong 油塘 Yau Lai Estate 油麗邨
44%
Sha Tin 沙田區 Ma On Shan 馬鞍山 Yiu On Estate 耀安邨
44%
Tai Po 大埔區 Tai Po 大埔 Fu Heng Estate 富亨邨
42%
Eastern 東區 North Point 北角 Healthy Village 健康村
42%
Kwun Tong 觀塘區 Ngau Tau Kok 牛頭角 Lok Wah Estate 樂華邨
42%
Tuen Mun 屯門區 Tuen Mun 屯門 Tin King Estate 田景邨
42%
Yuen Long 元朗區 Tin Shui Wai 天水圍 Tin Yan Estate 天恩邨
42%
Wong Tai Sin 黃大仙區 Wan Tau Hom 橫頭磡 Wang Tau Hom Estate 橫頭磡邨
42%
Tuen Mun 屯門區 Tuen Mun 屯門 Yau Oi Estate 友愛邨
42%
Tuen Mun 屯門區 Tuen Mun 屯門 Butterfly Estate 蝴蝶邨
41%
Kwai Tsing 葵青區 Tsing Yi 青衣 Cheung Heng Estate 長亨邨
41%
Northern 北區 Sheung Shui 上水 Ching Ho Estate 清河邨
41%
Sham Shui Po 深水埗區 Cheung Sha Wan 長沙灣 Hoi Lai Estate 海麗邨
41%
Sham Shui Po 深水埗區 Sham Shui Po 深水埗 Nam Cheong Estate 南昌邨
41%
Sha Tin 沙田區 Sha Tin 沙田 Shek Mun Estate 碩門邨
41%
Tsuen Wan 荃灣區 Tsuen Wan 荃灣 Shek Wai Kok Estate 石圍角邨
41%
Sai Kung 西貢區 Tseung Kwan O 將軍澳 Sheung Tak Estate 尚德邨
41%
Yuen Long 元朗區 Tin Shui Wai 天水圍 Tin Heng Estate 天恆邨
41%
Sai Kung 西貢區 Tseung Kwan O 將軍澳 Tsui Lam Estate 翠林邨
41%
Sham Shui Po 深水埗區 Cheung Sha Wan 長沙灣 Cheung Sha Wan Estate 長沙灣邨
39%
Kwai Tsing 葵青區 Tsing Yi 青衣 Cheung Wang Estate 長宏邨
39%
Tsuen Wan 荃灣區 Tsuen Wan 荃灣 Fuk Loi Estate 福來邨
39%
Tuen Mun 屯門區 Tuen Mun 屯門 Fu Tai Estate 富泰邨
39%
Islands 離島區 Tung Chung 東涌 Fu Tung Estate 富東邨
39%
Sha Tin 沙田區 Sha Tin 沙田 Jat Min Chuen 乙明邨
39%
Kwai Tsing 葵青區 Kwai Chung 葵涌 Lai Yiu Estate 麗瑤邨
39%
Islands 離島區 Tung Chung 東涌 Mun Tung Estate 滿東邨
39%
Eastern 東區 Aldrich Bay 愛秩序灣 Oi Tung Estate 愛東邨
39%
Sham Shui Po 深水埗區 Shek Kip Mei 石硤尾 Tai Hang Tung Estate 大坑東邨
39%
Kowloon City 九龍城區 Kai Tak 啓德 Tak Long Estate 德朗邨
39%
Yuen Long 元朗區 Tin Shui Wai 天水圍 Tin Shui Estate 天瑞邨
39%
Sha Tin 沙田區 Ma On Shan 馬鞍山 Chung On Estate 頌安邨
37%
Sha Tin 沙田區 Tai Wai 大圍 Chun Shek Estate 秦石邨
37%
Sham Shui Po 深水埗區 Shek Kip Mei 石硤尾 Nam Shan Estate 南山邨
37%
Tuen Mun 屯門區 Tuen Mun 屯門 On Ting Estate 安定邨
37%
Northern 北區 Fanling 粉嶺 Queen's Hill Estate 皇后山邨
37%
Tai Po 大埔區 Tai Po 大埔 Tai Yuen Estate 大元邨
37%
Sham Shui Po 深水埗區 Cheung Sha Wan 長沙灣 Un Chau Estate 元州邨
37%
Kwai Tsing 葵青區 Tsing Yi 青衣 Cheung Fat Estate 長發邨
36%
Tsuen Wan 荃灣區 Tsuen Wan 荃灣 Cheung Shan Estate 象山邨
36%
Sha Tin 沙田區 Ma On Shan 馬鞍山 Lee On Estate 利安邨
36%
Sha Tin 沙田區 Sha Tin 沙田 Pok Hong Estate 博康邨
36%
Tuen Mun 屯門區 Tuen Mun 屯門 Po Tin Estate 寶田邨
36%
Northern 北區 Sheung Shui 上水 Tai Ping Estate 太平邨
36%
Yuen Long 元朗區 Tin Shui Wai 天水圍 Tin Ching Estate 天晴邨
36%
Wong Tai Sin 黃大仙區 Chuk Yuen 竹園 Chuk Yuen South Estate 竹園南邨
34%
Eastern 東區 Chai Wan 柴灣 Hing Man Estate 興民邨
34%
Kwun Tong 觀塘區 Lam Tin 藍田 Hing Tin Estate 興田邨
34%
Eastern 東區 Sai Wan Ho 西灣河 Hing Tung Estate 興東邨
34%
Sai Kung 西貢區 Po Lam 寶林 King Lam Estate 景林邨
34%
Sha Tin 沙田區 Sha Tin 沙田 Kwong Yuen Estate 廣源邨
34%
Wong Tai Sin 黃大仙區 Tsz Wan Shan 慈雲山 Tsz Lok Estate 慈樂邨
34%
Sai Kung 西貢區 Tui Min Hoi 對面海 Tui Min Hoi Chuen 對面海邨
34%
Kwun Tong 觀塘區 Kwun Tong 觀塘 Wo Lok Estate 和樂邨
34%
Northern 北區 Sheung Shui 上水 Choi Yuen Estate 彩園邨
32%
Kwai Tsing 葵青區 Kwai Chung 葵涌 Cho Yiu Tsuen 祖堯邨
32%
Wong Tai Sin 黃大仙區 Chuk Yuen 竹園 Chuk Yuen North Estate 竹園北邨
32%
Sham Shui Po 深水埗區 Sham Shui Po 深水埗 Fu Cheong Estate 富昌邨
32%
Tai Po 大埔區 Tai Po 大埔 Fu Tip Estate 富蝶邨
32%
Tuen Mun 屯門區 Tuen Mun 屯門 Kin Sang Estate 建生邨
32%
Sham Shui Po 深水埗區 Cheung Sha Wan 長沙灣 Lei Cheng Uk Estate 李鄭屋邨
32%
Sha Tin 沙田區 Sha Tin 沙田 Shui Chuen O Estate 水泉澳邨
32%
Sha Tin 沙田區 Tai Wai 大圍 Sun Tin Wai Estate 新田圍邨
32%
Wong Tai Sin 黃大仙區 Wong Tai Sin 黃大仙 Tung Tau Estate 東頭邨
32%
Kwun Tong 觀塘區 Ngau Tau Kok 牛頭角 Choi Fuk Estate 彩福邨
31%
Sha Tin 沙田區 Tai Wai 大圍 Lung Heng Estate 隆亨邨
31%
Sha Tin 沙田區 Tai Wai 大圍 Sun Chui Estate 新翠邨
31%
Northern 北區 Fanling 粉嶺 Cheung Wah Estate 祥華邨
29%
Kwun Tong 觀塘區 Ngau Tau Kok 牛頭角 Choi Ha Estate 彩霞邨
29%
Kwun Tong 觀塘區 Ngau Tau Kok 牛頭角 Choi Tak Estate 彩德邨
29%
Kwun Tong 觀塘區 Ngau Tau Kok 牛頭角 Choi Ying Estate 彩盈邨
29%
Sai Kung 西貢區 Tiu Keng Leng 調景嶺 Kin Ming Estate 健明邨
29%
Sai Kung 西貢區 Hang Hau 坑口 Ming Tak Estate 明德邨
29%
Wong Tai Sin 黃大仙區 Tsz Wan Shan 慈雲山 Tsz Ching Estate 慈正邨
29%
Sham Shui Po 深水埗區 Shek Kip Mei 石硤尾 Chak On Estate 澤安邨
27%
Eastern 東區 Shau Kei Wan 筲箕灣 Ming Wah Dai Ha 明華大廈
27%
Kwun Tong 觀塘區 Sau Mau Ping 秀茂坪 Sau Mau Ping South Estate 秀茂坪南邨
27%
Yuen Long 元朗區 Yuen Long 元朗 Shui Pin Wai Estate 水邊圍邨
27%
Yuen Long 元朗區 Tin Shui Wai 天水圍 Tin Wah Estate 天華邨
27%
Tai Po 大埔區 Tai Po 大埔 Wan Tau Tong Estate 運頭塘邨
27%
Eastern 東區 Chai Wan 柴灣 Wan Tsui Estate 環翠邨
27%
Tuen Mun 屯門區 Tuen Mun 屯門 Wu King Estate 湖景邨
27%
Sha Tin 沙田區 Ma On Shan 馬鞍山 Yan On Estate 欣安邨
27%
Sham Shui Po 深水埗區 Cheung Sha Wan 長沙灣 Hoi Tat Estate 海達邨
25%
Sham Shui Po 深水埗區 Sham Shui Po 深水埗 Lai Kok Estate 麗閣邨
25%
Kowloon City 九龍城區 Ho Man Tin 何文田 Sheung Lok Estate 常樂邨
25%
Yuen Long 元朗區 Tin Shui Wai 天水圍 Tin Chak Estate 天澤邨
25%
Yuen Long 元朗區 Tin Shui Wai 天水圍 Tin Yuet Estate 天悅邨
25%
Kwai Tsing 葵青區 Kwai Chung 葵涌 Kwai Luen Estate 葵聯邨
24%
Sham Shui Po 深水埗區 Shek Kip Mei 石硤尾 Tai Hang West Estate 大坑西邨
24%
Eastern 東區 Chai Wan 柴灣 Tsui Wan Estate 翠灣邨
24%
Wong Tai Sin 黃大仙區 Tsz Wan Shan 慈雲山 Tsz Man Estate 慈民邨
24%
Sham Shui Po 深水埗區 Cheung Sha Wan 長沙灣 Hoi Ying Estate 海盈邨
22%
Yuen Long 元朗區 Au Tau 凹頭 Long Shin Estate 朗善邨
22%
Islands 離島區 Tai O 大澳 Lung Tin Estate 龍田邨
22%
Kwun Tong 觀塘區 Kwun Tong 觀塘 Wan Hon Estate 雲漢邨
22%
Kowloon City 九龍城區 Ma Tau Wai 馬頭圍 Chun Seen Mei Estate 真善美村
20%
Northern 北區 Fanling 粉嶺 Fai Ming Estate 暉明邨
20%
Wong Tai Sin 黃大仙區 Diamond Hill 鑽石山 Fung Tak Estate 鳳德邨
20%
Kwun Tong 觀塘區 Yau Tong 油塘 Ko Yee Estate 高怡邨
20%
Wong Tai Sin 黃大仙區 Wong Tai Sin 黃大仙 Mei Tung Estate 美東邨
20%
Islands 離島區 Mui Wo 梅窩 Ngan Wan Estate 銀灣邨
20%
Northern 北區 Fanling 粉嶺 Wah Sum Estate 華心邨
20%
Tuen Mun 屯門區 Tuen Mun 屯門 Yan Tin Estate 欣田邨
20%
Islands 離島區 Cheung Chau 長洲 Cheung Kwai Estate 長貴邨
19%
Sham Shui Po 深水埗區 Cheung Sha Wan 長沙灣 Fortune Estate 幸福邨
19%
Northern 北區 Fanling 粉嶺 Ka Fuk Estate 嘉福邨
19%
Islands 離島區 Peng Chau 坪洲 Kam Peng Estate 金坪邨
19%
Kowloon City 九龍城區 To Kwa Wan 土瓜灣 Lok Man Sun Chuen 樂民新村
19%
Kwun Tong 觀塘區 Lam Tin 藍田 On Tin Estate 安田邨
19%
Yuen Long 元朗區 Yuen Long 元朗 Long Ching Estate 朗晴邨
17%
Northern 北區 Sheung Shui 上水 Po Shek Wu Estate 寶石湖邨
17%
Wong Tai Sin 黃大仙區 Tsz Wan Shan 慈雲山 Tsz Hong Estate 慈康邨
17%
Eastern 東區 Chai Wan 柴灣 Wah Ha Estate 華廈邨
17%
Kwai Tsing 葵青區 Lai Chi Kok 荔枝角 Wah Lai Estate 華荔邨
17%
Northern 北區 Sheung Shui 上水 Cheung Lung Wai Estate 祥龍圍邨
15%
Tsuen Wan 荃灣區 Tsuen Wan 荃灣 Clague Garden Estate 祈德尊新邨
15%
Eastern 東區 Shau Kei Wan 筲箕灣 Hong Tung Estate 康東邨
15%
Wong Tai Sin 黃大仙區 Tsz Wan Shan 慈雲山 Shatin Pass Estate 沙田坳邨
15%
Sai Kung 西貢區 Tseung Kwan O 將軍澳 Yee Ming Estate 怡明邨
15%
Yuen Long 元朗區 Tin Shui Wai 天水圍 Grandeur Terrace 俊宏軒
14%
Kwai Tsing 葵青區 Kwai Chung 葵涌 Kwai Tsui Estate 葵翠邨
14%
Sai Kung 西貢區 Sai Kung 西貢 Lakeside Garden 翠塘花園
14%
Sha Tin 沙田區 Sha Tin 沙田 Fung Wo Estate 豐和邨
12%
Eastern 東區 Chai Wan 柴灣 Lin Tsui Estate 連翠邨
12%
Tuen Mun 屯門區 Tuen Mun 屯門 Lung Yat Estate 龍逸邨
12%
Tai Po 大埔區 Tai Po 大埔 Po Heung Estate 寶鄉邨
12%
Sai Kung 西貢區 Tiu Keng Leng 調景嶺 Shin Ming Estate 善明邨
12%
Wong Tai Sin 黃大仙區 Ngau Chi Wan 牛池灣 Choi Fai Estate 彩輝邨
10%
Sai Kung 西貢區 Tiu Keng Leng 調景嶺 Choi Ming Court 彩明苑
10%
Sha Tin 沙田區 Tai Wai 大圍 Hin Yiu Estate 顯耀邨
10%
Wong Tai Sin 黃大仙區 Diamond Hill 鑽石山 Kai Chuen Court 啓鑽苑
10%
Tsuen Wan 荃灣區 Tsuen Wan 荃灣 Moon Lok Dai Ha 滿樂大廈
10%
Kwai Tsing 葵青區 Kwai Chung 葵涌 Shek Yam East Estate 石蔭東邨
10%
Wong Tai Sin 黃大仙區 Wong Tai Sin 黃大仙 Tung Wui Estate 東匯邨
10%
Southern 南區 Shek Pai Wan 石排灣 Yue Kwong Chuen 漁光村
10%
Kwun Tong 觀塘區 Yau Tong 油塘 Ko Cheung Court 高翔苑
8%
Kwun Tong 觀塘區 Ngau Tau Kok 牛頭角 Kwun Tong Garden Estate 觀塘花園大廈
8%
Sham Shui Po 深水埗區 Sham Shui Po 深水埗 Lai On Estate 麗安邨
8%
Islands 離島區 Cheung Chau 長洲 Nga Ling Court 雅寧苑
8%
Yau Tsim Mong 油尖旺區 Yau Ma Tei 油麻地 Prosperous Garden 駿發花園
8%
Sham Shui Po 深水埗區 Sham Shui Po 深水埗 Wing Cheong Estate 榮昌邨
8%
Tsuen Wan 荃灣區 Tsuen Wan 荃灣 Bo Shek Mansion 寶石大廈
7%
Kwai Tsing 葵青區 Tsing Yi 青衣 Easeful Court 青逸軒
7%
Kwai Tsing 葵青區 Kwai Chung 葵涌 High Prosperity Terrace 高盛臺
7%
Yau Tsim Mong 油尖旺區 Mong Kok West 旺角西 Hoi Fu Court 海富苑
7%
Sham Shui Po 深水埗區 Cheung Sha Wan 長沙灣 Lai Tsui Court 麗翠苑
5%
Eastern 東區 Chai Wan 柴灣 Tsui Lok Estate 翠樂邨
5%
Sai Kung 西貢區 Po Lam 寶林 Verbena Heights 茵怡花園
5%
Northern 北區 Fanling 粉嶺 Yung Shing Court 雍盛苑
5%
Kwai Tsing 葵青區 Tsing Yi 青衣 Broadview Garden 偉景花園
3%
No matching quizzes found
Score Distribution
Percent of People with Each Score
Percentile by Number Answered
Your Score History
You have not taken this quiz